Normal view
MARC view
Entry Personal Name
001 - CONTROL NUMBER
- control field: 14670
003 - CONTROL NUMBER IDENTIFIER
- control field: OSt
005 - DATE AND TIME OF LATEST TRANSACTION
- control field: 20130923093433.0
008 - FIXED-LENGTH DATA ELEMENTS
- fixed length control field: 130923|| aca||aabn | a|a d
040 ## - CATALOGING SOURCE
- Original cataloging agency: OSt
- Transcribing agency: OSt
100 ## - HEADING--PERSONAL NAME
- Personal name: Kune, Gabriel A.
670 ## - SOURCE DATA FOUND
- Source citation: Work cat.: (OSt)0: Kune, Gabriel A., The practice of biliary surgery, 1980